000 00413nam a22001697a 4500
003 CEME
005 20210628205417.0
008 210316b xxu||||| |||| 00| 0 eng d
020 _a0-07-060229-8
040 _c.
082 _a515 SPI'T
100 _aSpiegel, Murray R
_951
245 _aTheory and problems of advanced calculus
260 _aNEWYORK
_bMCGRAW HILL
_c1963
300 _a384P
942 _cBK
_2ddc
999 _c580844
_d580844